Statistics for Ecclesiastes - "To Every Thing There Is a Season"

Click here to take the quiz!

General Stats

  • This quiz has been taken 2,841 times
    (2,755 since last reset)
  • The average score is 9 of 27

Answer Stats

Verse % Correct
To every thing there is a {season}
93%
and a time to {die}
73%
and a time to every purpose under the {heaven}
62%
A time to be {born}
59%
A time to {love}
45%
and a time to {laugh}
43%
a time to {plant}, and a time to pluck up
that which is {plant}ed
41%
A time to cast away {stones}, and a
time to gather {stones} together
39%
and a time of {peace}
37%
and a time to {hate}
36%
a time of {war}
35%
a time to {mourn}
34%
A time to {weep}
34%
A time to {kill}
30%
and a time to {dance}
29%
and a time to {heal}
26%
and a time to {speak}
22%
a time to keep {silence}
21%
a time to {embrace}, and a time to
refrain from {embracing}
21%
and a time to {sew}
17%
and a time to {build} {up}
16%
a time to {break} {down}
15%
and a time to {lose}
13%
a time to {keep}
12%
A time to {rend}
12%
and a time to {cast} {away}
12%
A time to {get}
11%

Score Distribution

Percentile by Number Answered

Percent of People with Each Score

Your Score History

You have not taken this quiz since the last reset